La educación general en el nivel medio / (Record no. 17621)

MARC details
000 -CABECERA
campo de control de longitud fija 00621nam a2200193 a 4500
005 - FECHA Y HORA DE LA ÚLTIMA TRANSACCIÓN
campo de control 20240924065203.0
008 - ELEMENTOS DE LONGITUD FIJA--INFORMACIÓN GENERAL
campo de control de longitud fija 991125s1965 ea 000 0 spa u
035 ## - NÚMERO DE CONTROL DEL SISTEMA
Número de control de sistema UPN01000017621
049 ## - COLECCIÓN
Colección SEP
050 #4 - SIGNATURA TOPOGRÁFICA DE LA BIBLIOTECA DEL CONGRESO
Número de clasificación L106
Número de documento/Ítem C4.3 1965
100 1# - ASIENTO PRINCIPAL--NOMBRE PERSONAL
Nombre de persona Cebollero, Pedro A.
245 13 - MENCIÓN DE TÍTULO
Título La educación general en el nivel medio /
Mención de responsabilidad, etc. por Pedro A. Cebollero.
260 ## - PUBLICACIÓN, DISTRIBUCIÓN, ETC.
Lugar de publicación, distribución, etc. Washington :
Nombre del editor, distribuidor, etc. SEP :
-- Unión Panamericana,
Fecha de publicación, distribución, etc. 1965.
300 ## - DESCRIPCIÓN FÍSICA
Extensión 31 p.
440 #0 - MENCIÓN DE SERIE/ASIENTO SECUNDARIO--TÍTULO
Título Documento ;
Designación de volumen o secuencia 5
500 ## - NOTA GENERAL
Nota general "Reunión Técnica sobre Planeamiento de la Educación Media"
650 #4 - ASIENTO SECUNDARIO DE MATERIA - TERMINO TEMATICO
Término de materia o nombre geográfico como elemento de entrada Educación secundaria
Subdivisión geográfica América Latina
9 (RLIN) 15154
905 ## - TIPO DE MATERIAL
Tipo de material Libro
Holdings
Estado de retiro Estado de pérdida Fuente del sistema de clasificación o colocación Estado dañado No para préstamo Código de colección Localización permanente Ubicación/localización actual Ubicación en estantería Fecha de adquisición Clasificación Código de barras Fecha visto por última vez Número de copia Tipo de ítem Koha
    Library of Congress Classification   Coleccion SEP Colección SEP Bib. Gregorio Torres Quintero Bib. Gregorio Torres Quintero Colección SEP 09/05/2023 L106 C4.3 1965 5856F 31/12/2020 1 Libro